000 00206nam a22000857a 4500
008 160809b xxu||||| |||| 00| 0 eng d
100 _987
_aKidz Om
245 _aAesop's Fables
260 _aNew Delhi
_bOm Kidz
_c2012
999 _c2741
_d2741